Cloud computing for dummies (Record no. 19037)

MARC details
000 -LEADER
fixed length control field 00475nam a22001697a 4500
008 - FIXED-LENGTH DATA ELEMENTS--GENERAL INFORMATION
fixed length control field 210902b |||||||| |||| 00| 0 eng d
020 ## - INTERNATIONAL STANDARD BOOK NUMBER
International Standard Book Number 0470484708
050 ## - LIBRARY OF CONGRESS CALL NUMBER
Classification number QA76.585
Item number .C56 2010 c.1
245 ## - TITLE STATEMENT
Title Cloud computing for dummies
Statement of responsibility, etc. Hurwitz, Judith [Et ... al.].
260 ## - PUBLICATION, DISTRIBUTION, ETC. (IMPRINT)
Place of publication, distribution, etc. Hoboken
Name of publisher, distributor, etc. Joh Wiley & Sons
Date of publication, distribution, etc. 2010
300 ## - PHYSICAL DESCRIPTION
Extent xxii, 310p.
650 ## - SUBJECT ADDED ENTRY--TOPICAL TERM
Topical term or geographic name as entry element Cloud computing
700 ## - ADDED ENTRY--PERSONAL NAME
Personal name Kaufman, Marcia
700 ## - ADDED ENTRY--PERSONAL NAME
Personal name Halper, Fern
700 ## - ADDED ENTRY--PERSONAL NAME
Personal name Bloor, Robin
942 ## - ADDED ENTRY ELEMENTS (KOHA)
Source of classification or shelving scheme Library of Congress Classification
Koha item type General Collection
Holdings
Withdrawn status Lost status Source of classification or shelving scheme Not for loan Home library Current library Date acquired Cost, normal purchase price Total Checkouts Full call number Barcode Date last seen Price effective from Koha item type
    Library of Congress Classification   Kabarak, Main Campus Kabarak, Main Campus 02/09/2021 4344.00   QA76.585 .C56 2010 c.1 030140 02/09/2021 02/09/2021 General Collection
    Library of Congress Classification   Kabarak, Main Campus Kabarak, Main Campus 02/09/2021 4344.00   QA76.585 .C56 2010 c.2 030141 02/09/2021 02/09/2021 General Collection
    Library of Congress Classification   Kabarak, Nakuru City Campus Kabarak, Nakuru City Campus 02/09/2021 4344.00   QA76.585 .C56 2010 c.1 030142 02/09/2021 02/09/2021 General Collection
Designed with assistance from East African Informatics Ltd